DİPPER İLE MABEL ZAMAN KORSANLARI HAZİNESİNİN LANETİ (Record no. 1033840)

MARC details
000 -LEADER
sabit uzunluktaki kontrol alanı 00281nam a2200097Ia 4500
001 - KONTROL NUMARASI
kontrol alanı 1033840
005 - EN SON İŞLEMİN TARİH VE ZAMANI
kontrol alanı 20250826231716.0
008 - SABİT-UZUNLUKTA VERİ ÖĞELERİ--GENEL BİLGİ
sabit uzunluktaki kontrol alanı 250824s9999 xx 000 0 und d
245 #0 - ESER / YAZAR
ESER ADI DİPPER İLE MABEL ZAMAN KORSANLARI HAZİNESİNİN LANETİ
Yazar Adı JEFFREY ROWE
260 ## - YAYIN, DAĞITIM, VB.
YAYIN EVİ BETA YAYINLARI
Holdings
Düşüm durumu Kayıp durumu Hasar Durumu Ödünç verilmez Ana kütüphane Geçerli Kütüphane Edinilen tarih Toplam ödünç verme sayısı Barkod Son görüntüleme tarihi Son ödünç verme tarihi Fiyatın geçerli olmaya başladığı tarih Koha materyal türü
        YUKARI PINARBAŞI İLK VE ORTAOKULU YUKARI PINARBAŞI İLK VE ORTAOKULU 24.08.2025 1 1069798 23.12.2025 31.10.2025 26.08.2025 Books